Financovanie pre malé a stredné firmy

Rozhodovanie o tom ako financovať chod firmy je prítomné počas celej doby jej existencie. Popri dobrej orientácii v podnikateľskom prostredí je pre úspešnosť podnikania rovnako dôležité zvoliť si aj vhodný zdroj financovania.

Na minha lista:
Detalhes bibliográficos
Autor principal: Ješko, Vladimír
Formato: Capítulo de Livro
Idioma:eslovaco
Assuntos:
Tags: Adicionar Tag
Sem tags, seja o primeiro a adicionar uma tag!

MARC

LEADER 00000naa a2200000 4500
001 0296772
005 20240417075250.5
041 0 |a slo 
044 |a SK 
245 1 0 |a Financovanie pre malé a stredné firmy  |c Vladimír Ješko 
520 |a Rozhodovanie o tom ako financovať chod firmy je prítomné počas celej doby jej existencie. Popri dobrej orientácii v podnikateľskom prostredí je pre úspešnosť podnikania rovnako dôležité zvoliť si aj vhodný zdroj financovania. 
610 2 0 |a financie podnikové 
610 2 0 |a podnik malý 
610 2 0 |a podnik stredný 
610 2 0 |a podpora podnikania 
610 2 0 |a zdroje finančné 
100 1 |a Ješko, Vladimír